Top 20 Social Media Apps with the most users - Statistics

General Stats
  • This quiz has been taken 319 times
    293 since last reset
  • The average score is 9 of 20
Answer Stats
Creator/Founder User Count Social Media % Correct
Mark Zuckerberg 2,701,000,000 FaceBook
99%
Kevin Systrom 1,158,000,000 Instagram
98%
Evan Spiegel 433,000,000 Snapchat
91%
Zhang Yiming 689,000,000 TikTok
89%
Jack Dorsey 353,000,000 Twitter
87%
Steve Chen/Jawed Karim 2,000,000,000 Youtube
75%
Jan Koum 1,600,000,000 WhatsApp
70%
Mark Zuckerburg 1,300,000,000 Messenger
52%
Steve Huffman 430,000,000 Reddit
49%
Ben Silbermann 416,000,000 Pinterest
38%
Reid Hoffman 256,000,000 LinkedIn
33%
David Karp 376,000,000 Tumblr
33%
Nikolai Durov 400,000,000 Telegram
29%
Allen Zhang 1,206,000,000 Weixin/WeChat
29%
Adam D’Angelo 300,000,000 Quora
10%
Wang Zhidong 523,000,000 Weibo
9%
Ma Huateng 648,000,000 QQ
6%
Zhang Yiming 600,000,000 Duoyin
4%
Su hua 422,000,000 Kuaisho
4%
Chen Yidan 517,000,000 QZone
2%
No matching quizzes found
Score Distribution
Percent of People with Each Score
Percentile by Number Answered
Your Score History
You have not taken this quiz since the last reset